|
|
|
|
| LEADER |
00000naa0a2200000 4500 |
| 001 |
594768 |
| 005 |
20250217105739.0 |
| 035 |
|
|
|a (RuTPU)RU\TPU\tpu\11783
|
| 090 |
|
|
|a 594768
|
| 100 |
|
|
|a 20040310d1979 k||y0rusy50 ca
|
| 101 |
0 |
|
|a rus
|
| 102 |
|
|
|a RU
|
| 200 |
1 |
|
|a Совместное использование методов голографического муара и фотоупругости для определения полей перемещений и деформаций
|f В. А. Жилкин, В. П. Кутовой, А. М. Попов
|
| 461 |
|
|
|t Материалы 8-й Всесоюзной конференции по методу фотоупругости (Таллин, 1979)
|
| 463 |
|
|
|t Т. 3
|v С. 197-199
|d 1979
|
| 610 |
1 |
|
|a фотоупругость
|
| 610 |
1 |
|
|a голографический муар
|
| 610 |
1 |
|
|a перемещения
|
| 610 |
1 |
|
|a деформация
|
| 610 |
1 |
|
|a труды учёных ТПУ
|
| 700 |
|
1 |
|a Жилкин
|b В. А.
|
| 701 |
|
1 |
|a Кутовой
|b В. П.
|
| 701 |
|
1 |
|a Попов
|b А. М.
|
| 801 |
|
1 |
|a RU
|b 63413507
|c 20040310
|g PSBO
|
| 801 |
|
2 |
|a RU
|b 63413507
|c 20100401
|g RCR
|
| 942 |
|
|
|c BK
|